[Event "EU-ch Rapid"]
[Site "Skopje"]
[Date "2024.12.07"]
[Round "1"]
[White "Gavrilescu, David"]
[Black "Marques, Ricardo Taborda Tri"]
[Result "0-1"]
[WhiteElo "2549"]
[BlackElo "2001"]
[PlyCount "70"]
[EventDate "2024.12.07"]
[EventType "swiss (rapid)"]
[EventRounds "11"]
[EventCountry "MKD"]
[SourceTitle "CB50_2024"]
[SourceDate "2024.11.01"]
[SourceVersion "1"]
[SourceVersionDate "2024.11.01"]
[SourceQuality "2"]

1. e4 c6 2. Nf3 d5 3. Nc3 Bg4 4. h3 Bxf3 5. Qxf3 e6 6. g3 g6 7. d4 Bg7 8. Be3 Nf6 9. e5 Nfd7 10. Ne2 c5 11. c3 Nc6 12. Bd2 Qb6 13. Qd3 0-0 14. Bg2 Qxb2 15. Rb1 Qxa2 16. Rxb7 Nb6 17. 0-0 Na5 18. Rc7 Rfc8 19. Rxc8+ Rxc8 20. Bg5 Nbc4 21. h4 h6 22. Bf6 Nd2 23. Nc1 c4 24. Qe2 Qc2 25. Rd1 Nab3 26. Nxb3 cxb3 27. Rxd2 Qxc3 28. h5 g5 29. Bf1 a5 30. Qa6 a4 31. Rd1 Qc6 32. Qa7 Ra8 33. Bb5 Rxa7 34. Bxc6 a3 35. Bb5 a2 0-1

[Event "Leca da Palmeira op 2nd"]
[Site "Leca da Palmeira"]
[Date "2023.08.04"]
[Round "7"]
[White "Ashwath, R."]
[Black "Marques, Ricardo Taborda Tri"]
[Result "1/2-1/2"]
[WhiteElo "2280"]
[BlackElo "1958"]
[PlyCount "126"]
[EventDate "2023.07.31"]
[EventType "swiss"]
[EventRounds "9"]
[EventCountry "POR"]
[SourceTitle "CBM 215 Extra"]
[Source "ChessBase"]
[SourceDate "2023.09.30"]
[SourceVersion "1"]
[SourceVersionDate "2023.09.30"]
[SourceQuality "1"]

1. Nf3 d5 2. g3 Nf6 3. Bg2 c6 4. 0-0 Bg4 5. d4 Nbd7 6. h3 Bxf3 7. exf3 e6 8. b3 Bd6 9. c4 0-0 10. f4 Re8 11. Nc3 a5 12. Bb2 Qb8 13. Qd3 Qa7 14. a3 Qa6 15. Rfd1 b6 16. f5 Rac8 17. fxe6 fxe6 18. f4 g6 19. Re1 a4 20. Nxa4 dxc4 21. Qxc4 b5 22. Qd3 Qa7 23. Nc3 Nb6 24. a4 b4 25. Nd1 Nbd5 26. Nf2 Qg7 27. h4 Nh5 28. Ne4 Bb8 29. Rac1 Qh6 30. Qf3 Rf8 31. Qg4 Rf5 32. Ng5 Nhxf4 33. gxf4 Bxf4 34. Bxd5 exd5 35. Re5 Bxc1 36. Bxc1 Rcf8 37. Re1 Qg7 38. Ne6 Qd7 39. Nf4 Qf7 40. Re5 Rxf4 41. Bxf4 Qxf4 42. Qxf4 Rxf4 43. a5 Rxd4 44. Re1 Rf4 45. Re8+ Kg7 46. a6 Rf7 47. Rb8 Kh6 48. Rb7 Rf8 49. Rxb4 Ra8 50. Ra4 c5 51. Kf2 Kg7 52. Ra5 d4 53. Ke2 Kf6 54. Kd3 h6 55. Kc4 Ke5 56. Kxc5 d3 57. Kc6+ Kd4 58. b4 d2 59. Rd5+ Kc4 60. Rxd2 Rxa6+ 61. Kd7 g5 62. hxg5 hxg5 63. Rg2 Rg6 1/2-1/2

[Event "Leca da Palmeira op 2nd"]
[Site "Leca da Palmeira"]
[Date "2023.08.02"]
[Round "4"]
[White "Soderstrom, Henrik"]
[Black "Marques, Ricardo Taborda Tri"]
[Result "0-1"]
[WhiteElo "1635"]
[BlackElo "1958"]
[PlyCount "54"]
[EventDate "2023.07.31"]
[EventType "swiss"]
[EventRounds "9"]
[EventCountry "POR"]
[SourceTitle "CBM 215 Extra"]
[Source "ChessBase"]
[SourceDate "2023.09.30"]
[SourceVersion "1"]
[SourceVersionDate "2023.09.30"]
[SourceQuality "1"]

1. d4 d5 2. Bf4 c5 3. e3 cxd4 4. exd4 Nc6 5. c3 f6 6. Bd3 e5 7. Qh5+ g6 8. Bxg6+ hxg6 9. Qxh8 exf4 10. Qxg8 Bf5 11. Nd2 Qe7+ 12. Kd1 0-0-0 13. Ne2 Bh6 14. Qxd8+ Qxd8 15. Re1 Qb6 16. b3 Qa6 17. f3 Qd3 18. Rc1 Qa6 19. c4 Kd7 20. Nc3 Nb4 21. Nxd5 Nxd5 22. cxd5 Bf8 23. Nc4 Qxa2 24. Re2 Qxb3+ 25. Ke1 Bb4+ 26. Kf2 Bc3 27. g3 Qxc4 0-1

[Event "Leca da Palmeira op 2nd"]
[Site "Leca da Palmeira"]
[Date "2023.08.01"]
[Round "2"]
[White "Marques, Ricardo Taborda Tri"]
[Black "Gaponenko, Inna"]
[Result "0-1"]
[WhiteElo "1958"]
[BlackElo "2336"]
[PlyCount "82"]
[EventDate "2023.07.31"]
[EventType "swiss"]
[EventRounds "9"]
[EventCountry "POR"]
[SourceTitle "CBM 215 Extra"]
[Source "ChessBase"]
[SourceDate "2023.09.30"]
[SourceVersion "1"]
[SourceVersionDate "2023.09.30"]
[SourceQuality "1"]

1. d4 Nf6 2. c4 g6 3. Nc3 Bg7 4. e4 d6 5. Nf3 0-0 6. Be2 e5 7. 0-0 exd4 8. Nxd4 Re8 9. f3 c6 10. Kh1 d5 11. exd5 cxd5 12. c5 Nc6 13. Ndb5 d4 14. Ne4 Nxe4 15. fxe4 Be5 16. Bf4 Bxf4 17. Rxf4 Re5 18. Nd6 Be6 19. b4 Qg5 20. Qf1 Rf8 21. a3 a5 22. b5 Nd8 23. Rd1 Rxc5 24. Rxd4 Rc2 25. h4 Qe5 26. Nf5 Bxf5 27. Rd5 Qb2 28. exf5 Rxe2 29. fxg6 hxg6 30. h5 Ne6 31. Rg4 Rf2 32. Qd3 Nf4 33. Qe4 Nxd5 34. hxg6 Qc1+ 35. Kh2 Nf6 36. gxf7+ Kh8 37. Rh4+ Kg7 38. Qe5 Rf1 39. Rg4+ Kxf7 40. Rh4 Rh1+ 41. Kg3 Qe1+ 0-1

[Event "Famalicao op 9th"]
[Site "Vila Nova de Famalicao"]
[Date "2022.07.26"]
[Round "4"]
[White "Martinez Duany, Lelys Stanley"]
[Black "Marques, Ricardo Taborda Tri"]
[Result "1-0"]
[WhiteElo "2497"]
[BlackElo "1991"]
[PlyCount "88"]
[EventDate "2022.07.25"]
[EventType "swiss"]
[EventRounds "9"]
[EventCountry "POR"]
[SourceTitle "CBM 209 Extra"]
[Source "ChessBase"]
[SourceDate "2022.09.30"]
[SourceVersion "1"]
[SourceVersionDate "2022.09.30"]
[SourceQuality "1"]

1. e4 c6 2. d4 d5 3. exd5 cxd5 4. Bd3 Nc6 5. c3 Nf6 6. Bf4 g6 7. h3 Bg7 8. Nf3 0-0 9. Nbd2 Bf5 10. Bxf5 gxf5 11. g4 Qd7 12. Ne5 Nxe5 13. Bxe5 Ne4 14. Bxg7 Kxg7 15. gxf5 Qxf5 16. Qg4+ Qxg4 17. hxg4 f5 18. Rg1 Kh8 19. g5 Rg8 20. f4 Rg6 21. Nf3 Rb6 22. 0-0-0 a5 23. Ne5 Kg7 24. Rd3 Rh8 25. Rh3 Rd6 26. a4 Re6 27. Rg2 Nd6 28. Rgh2 Nc4 29. Rh6 Rxh6 30. Rxh6 Nd6 31. Kc2 Rc8 32. Kd3 Rc7 33. b3 b6 34. c4 dxc4+ 35. bxc4 Kg8 36. Rh2 Kg7 37. Rb2 Nc8 38. Rb5 e6 39. c5 bxc5 40. Rxc5 Rxc5 41. dxc5 Ne7 42. c6 Kf8 43. c7 Nc8 44. Kd4 Ke7 1-0

[Event "Guimaraes op 3rd"]
[Site "Guimaraes"]
[Date "2019.09.01"]
[Round "7"]
[White "Silva, Daniel Frederico V"]
[Black "Marques, Ricardo Taborda Tri"]
[Result "1-0"]
[WhiteElo "1655"]
[BlackElo "1958"]
[PlyCount "110"]
[EventDate "2019.08.28"]
[EventType "swiss"]
[EventRounds "7"]
[EventCountry "POR"]
[SourceTitle "EXT 2020"]
[Source "ChessBase"]
[SourceDate "2019.10.17"]
[SourceVersion "1"]
[SourceVersionDate "2019.10.17"]
[SourceQuality "1"]

1. e4 d6 2. d4 Nf6 3. Nc3 c6 4. Nf3 Bg4 5. Be2 e6 6. h3 Bh5 7. Be3 Be7 8. Qd2 d5 9. e5 Nfd7 10. Bg5 a6 11. Bxe7 Qxe7 12. a3 Bxf3 13. gxf3 c5 14. dxc5 Nc6 15. f4 Qxc5 16. b4 Qa7 17. Rd1 0-0 18. Rg1 Ne7 19. h4 f6 20. Bg4 f5 21. Bh5 Rac8 22. Ne2 Qb6 23. Qd4 g6 24. Qxb6 Nxb6 25. Nd4 Kf7 26. Be2 Rc3 27. Rg3 Rfc8 28. Rxc3 Rxc3 29. Rd3 Rc4 30. Kd2 Nc6 31. Nxc6 Rxc6 32. Rd4 Rc7 33. Bf1 Kg7 34. Be2 Kh6 35. c3 Nc4+ 36. Bxc4 Rxc4 37. Rxc4 dxc4 38. Ke3 Kh5 39. Kd4 b5 40. Kc5 Kxh4 41. Kd6 Kg4 42. Kxe6 h5 43. Kd6 h4 44. e6 h3 45. e7 h2 46. e8Q h1Q 47. Qxg6+ Kf3 48. Qxf5 Qh6+ 49. Kc5 Kxf2 50. Qe5 Kf3 51. f5 Kg4 52. f6 Qf8+ 53. Qe7 Qc8+ 54. Kb6 Qb8+ 55. Ka5 Kf3 1-0

[Event "Guimaraes op 3rd"]
[Site "Guimaraes"]
[Date "2019.08.30"]
[Round "4"]
[White "Marques, Ricardo Taborda Tri"]
[Black "Nieves Cabanes, Javier"]
[Result "1-0"]
[WhiteElo "1958"]
[BlackElo "2211"]
[PlyCount "105"]
[EventDate "2019.08.28"]
[EventType "swiss"]
[EventRounds "7"]
[EventCountry "POR"]
[SourceTitle "EXT 2020"]
[Source "ChessBase"]
[SourceDate "2019.10.17"]
[SourceVersion "1"]
[SourceVersionDate "2019.10.17"]
[SourceQuality "1"]

1. e4 e6 2. d4 d5 3. exd5 exd5 4. Nf3 Bg4 5. h3 Bh5 6. Qe2+ Ne7 7. Nc3 Nbc6 8. Be3 Qd7 9. 0-0-0 0-0-0 10. g4 Bg6 11. Nh4 f6 12. Nxg6 Nxg6 13. Bg2 Qf7 14. h4 Bb4 15. h5 Nge7 16. Qd3 Kb8 17. f4 Na5 18. a3 Bd6 19. Nb5 Nc4 20. f5 Nc8 21. Nxd6 N8xd6 22. Bf4 Rhe8 23. Rhe1 h6 24. Kb1 Ka8 25. Bc1 c6 26. b3 b5 27. bxc4 Rxe1 28. Rxe1 bxc4 29. Qc3 Rb8+ 30. Ka2 Nb5 31. Qa5 Qc7 32. Bd2 Qg3 33. Bf1 Qd6 34. Rb1 Rb6 35. Qb4 Qh2 36. a4 Qb8 37. Qc5 Qh2 38. Rxb5 cxb5 39. Qxd5+ Kb8 40. Bg2 Kc8 41. Ba5 b4 42. Qg8+ Kc7 43. Qxg7+ Kc8 44. Bxb6 b3+ 45. Ka3 axb6 46. Qb7+ Kd8 47. Qxb6+ Kd7 48. Bc6+ Ke7 49. Qc5+ Kd8 50. Qd5+ Ke7 51. Qe6+ Kf8 52. Qxf6+ Kg8 53. Bd5+ 1-0

[Event "Lisbon Portugal op"]
[Site "Lisbon"]
[Date "2019.02.04"]
[Round "4"]
[White "Marques, Ricardo Taborda Tri"]
[Black "Vasques, Antonio Pedro Freix"]
[Result "1/2-1/2"]
[WhiteElo "1911"]
[BlackElo "2210"]
[PlyCount "68"]
[EventDate "2019.02.02"]
[EventType "swiss"]
[EventRounds "9"]
[EventCountry "POR"]
[SourceTitle "CBM 188 Extra"]
[Source "ChessBase"]
[SourceDate "2019.02.28"]
[SourceVersion "1"]
[SourceVersionDate "2019.02.28"]
[SourceQuality "1"]

1. e4 c5 2. Nf3 Nc6 3. Bb5 g6 4. 0-0 Bg7 5. c3 e5 6. d4 exd4 7. cxd4 Nxd4 8. Nxd4 cxd4 9. Na3 Ne7 10. Nc4 0-0 11. Nd6 Qb6 12. Bf4 Nc6 13. Ba4 Ne5 14. Bxe5 Bxe5 15. Nc4 Bxh2+ 16. Kxh2 Qc7+ 17. Kg1 Qxc4 18. Rc1 Qb4 19. Bb3 h5 20. a3 Qe7 21. Bd5 Rb8 22. Qxd4 d6 23. Rc3 Be6 24. Rfc1 Rbc8 25. Bxe6 Qxe6 26. f3 Rxc3 27. Rxc3 Rd8 28. Qxa7 d5 29. Rd3 Rc8 30. Rxd5 Rc1+ 31. Kh2 Qf6 32. Qb8+ Kg7 33. Qe5 Qxe5+ 34. Rxe5 h4 1/2-1/2

[Event "Lisbon Portugal op"]
[Site "Lisbon"]
[Date "2019.02.03"]
[Round "3"]
[White "Martins, Bruno Andre Leite"]
[Black "Marques, Ricardo Taborda Tri"]
[Result "1-0"]
[WhiteElo "2204"]
[BlackElo "1911"]
[PlyCount "69"]
[EventDate "2019.02.02"]
[EventType "swiss"]
[EventRounds "9"]
[EventCountry "POR"]
[SourceTitle "CBM 188 Extra"]
[Source "ChessBase"]
[SourceDate "2019.02.28"]
[SourceVersion "1"]
[SourceVersionDate "2019.02.28"]
[SourceQuality "1"]

1. e4 c5 2. Nf3 Nc6 3. d4 cxd4 4. Nxd4 Nf6 5. Nc3 e5 6. Ndb5 d6 7. Bg5 a6 8. Na3 b5 9. Nd5 Be7 10. Bxf6 Bxf6 11. c4 b4 12. Nc2 a5 13. Be2 0-0 14. 0-0 Bg5 15. Qd3 Kh8 16. Rfd1 Be6 17. b3 g6 18. Bf3 Ra7 19. a3 bxa3 20. Nxa3 Nd4 21. Nb5 Nxb5 22. cxb5 f5 23. b6 Rd7 24. Nc7 Bg8 25. Rxa5 fxe4 26. Bxe4 Qf6 27. Qf3 Bxb3 28. Qxf6+ Bxf6 29. Rb1 Bg8 30. Nd5 Bxd5 31. Bxd5 Rb8 32. b7 Bd8 33. Ra8 Bc7 34. Rc1 Kg7 35. g3 1-0

[Event "POR CupT Associations"]
[Site "Luso"]
[Date "2018.10.21"]
[Round "3.2"]
[White "Sa, Claudio Simao Carva"]
[Black "Marques, Ricardo Taborda Tri"]
[Result "0-1"]
[WhiteElo "1828"]
[BlackElo "1881"]
[PlyCount "80"]
[EventDate "2018.10.20"]
[EventType "team-tourn"]
[EventRounds "3"]
[EventCountry "POR"]
[SourceTitle "EXT 2024"]
[Source "ChessBase"]
[SourceDate "2023.10.10"]
[SourceVersion "1"]
[SourceVersionDate "2023.10.10"]
[SourceQuality "1"]
[WhiteTeam "Sao Joao da Madeira"]
[BlackTeam "Porto EX"]
[WhiteTeamCountry "POR"]
[BlackTeamCountry "POR"]

1. e4 e5 2. Nf3 Nc6 3. Bc4 Bc5 4. b4 Bxb4 5. c3 Ba5 6. 0-0 Nf6 7. d4 exd4 8. e5 d5 9. exf6 dxc4 10. Re1+ Be6 11. fxg7 Rg8 12. Ng5 Qd5 13. Rxe6+ fxe6 14. Qh5+ Kd7 15. Qf7+ Ne7 16. Nxh7 Qe5 17. Nf6+ Kc6 18. Nd2 dxc3 19. Nf3 Qd6 20. Ba3 Qxa3 21. Qxe6+ Kb5 22. Rb1+ Bb4 23. Qxe7 Qc1+ 24. Qe1 Qxe1+ 25. Nxe1 Rxg7 26. Nc2 a5 27. a3 c5 28. Nd5 Kc6 29. Nde3 b5 30. Kf1 Rd8 31. h4 Rd2 32. Ke1 Re7 33. Kf1 Rxe3 34. Nxe3 Bxa3 35. h5 c2 36. Nxc2 Rxc2 37. h6 Rc1+ 38. Rxc1 Bxc1 39. h7 Bb2 40. g4 a4 0-1

[Event "Guimaraes 2nd"]
[Site "Guimaraes"]
[Date "2018.10.07"]
[Round "7"]
[White "Ribeiro, Orlando Camilo Duar"]
[Black "Marques, Ricardo Taborda Tri"]
[Result "0-1"]
[WhiteElo "1461"]
[BlackElo "1881"]
[PlyCount "52"]
[EventDate "2018.10.04"]
[EventType "swiss"]
[EventRounds "7"]
[EventCountry "POR"]
[SourceTitle "CBM 186 Extra"]
[Source "ChessBase"]
[SourceDate "2018.08.24"]
[SourceVersion "1"]
[SourceVersionDate "2018.08.24"]
[SourceQuality "1"]

1. e4 e5 2. Nf3 Nc6 3. Bc4 Bc5 4. c3 Nf6 5. d3 d6 6. Bb3 a6 7. h3 Ba7 8. Nbd2 0-0 9. Nf1 d5 10. Qe2 dxe4 11. dxe4 Nd7 12. Bg5 Qe8 13. Be3 Nc5 14. Bxc5 Bxc5 15. g4 Be6 16. Bc2 Rd8 17. Ng3 f6 18. Bb3 Bxb3 19. axb3 Qe6 20. Qc4 Qxc4 21. bxc4 a5 22. b3 Rd3 23. Ke2 Rxc3 24. Rab1 Rc2+ 25. Nd2 Rd8 26. Ngf1 Bb4 0-1

[Event "POR CupT qf  40th"]
[Site "Portugal"]
[Date "2018.07.14"]
[Round "5.1"]
[White "Romano, Luis Miguel Pereira"]
[Black "Marques, Ricardo Taborda Tri"]
[Result "1/2-1/2"]
[WhiteElo "2084"]
[BlackElo "1853"]
[PlyCount "70"]
[EventDate "2017.12.16"]
[EventType "team-k.o."]
[EventRounds "6"]
[EventCountry "POR"]
[SourceTitle "EXT 2019"]
[Source "ChessBase"]
[SourceDate "2018.10.10"]
[SourceVersion "1"]
[SourceVersionDate "2018.10.10"]
[SourceQuality "1"]
[WhiteTeam "A2D"]
[BlackTeam "Porto D"]
[WhiteTeamCountry "POR"]
[BlackTeamCountry "POR"]

1. e4 e6 2. d4 d5 3. Nd2 c5 4. exd5 Qxd5 5. Ngf3 cxd4 6. Bc4 Qd7 7. 0-0 Nc6 8. Nb3 a6 9. Nbxd4 Nxd4 10. Nxd4 Qc7 11. Bd3 Nf6 12. Qf3 Bd6 13. Kh1 Bd7 14. Be3 0-0-0 15. Rfd1 Kb8 16. c4 e5 17. Nf5 Bc6 18. Qg3 Bf8 19. Bg5 Re8 20. Bxf6 gxf6 21. f3 Bc5 22. Qh4 Rhg8 23. Rab1 a5 24. a3 a4 25. Be4 Rg5 26. b4 axb3 27. Rxb3 Rxf5 28. Bxf5 Ba4 29. Rdb1 Bxb3 30. Rxb3 Rd8 31. g3 Rd1+ 32. Kg2 Rd2+ 33. Kh1 Rd1+ 34. Kg2 Rd2+ 35. Kh1 Rd1+ 1/2-1/2

[Event "Gaia Profigaia op 18th"]
[Site "Vila Nova de Gaia"]
[Date "2018.06.30"]
[Round "5"]
[White "Marques, Ricardo Taborda Tri"]
[Black "Monteiro, Paulo Alexandre G"]
[Result "1-0"]
[WhiteElo "1869"]
[BlackElo "1580"]
[PlyCount "51"]
[EventDate "2018.06.27"]
[EventType "swiss"]
[EventRounds "7"]
[EventCountry "POR"]
[SourceTitle "CBM 185 Extra"]
[Source "ChessBase"]
[SourceDate "2018.07.29"]
[SourceVersion "1"]
[SourceVersionDate "2018.07.29"]
[SourceQuality "1"]

1. d4 Nf6 2. c4 c5 3. d5 e6 4. Nc3 exd5 5. cxd5 d6 6. e4 g6 7. h3 Bg7 8. Nf3 0-0 9. Bd3 b5 10. Nxb5 Nxe4 11. Bxe4 Re8 12. Nd2 f5 13. 0-0 fxe4 14. Nc4 Be5 15. Nxe5 Rxe5 16. Bf4 Rf5 17. Bg3 Ba6 18. Nxd6 Bxf1 19. Nxf5 Bxg2 20. Kxg2 gxf5 21. d6 Kg7 22. Qd5 Nd7 23. Qxf5 Rb8 24. Qxe4 Rxb2 25. Re1 Nf6 26. Qe7+ 1-0

[Event "Gaia Profigaia op 18th"]
[Site "Vila Nova de Gaia"]
[Date "2018.06.30"]
[Round "6"]
[White "Pintor, Simao Maciel Abranc"]
[Black "Marques, Ricardo Taborda Tri"]
[Result "1/2-1/2"]
[WhiteElo "2040"]
[BlackElo "1869"]
[PlyCount "147"]
[EventDate "2018.06.27"]
[EventType "swiss"]
[EventRounds "7"]
[EventCountry "POR"]
[SourceTitle "CBM 185 Extra"]
[Source "ChessBase"]
[SourceDate "2018.07.29"]
[SourceVersion "1"]
[SourceVersionDate "2018.07.29"]
[SourceQuality "1"]

1. Nf3 d5 2. d4 Nf6 3. g3 c6 4. Bg2 Bg4 5. Ne5 Bh5 6. c4 e6 7. Nc3 Nbd7 8. 0-0 Be7 9. b3 0-0 10. Bb2 a5 11. Qc2 Nxe5 12. dxe5 Ng4 13. Rad1 Qb8 14. cxd5 cxd5 15. Nxd5 exd5 16. Qf5 g6 17. Qd7 Qe8 18. Qxe8 Rfxe8 19. h3 Nxe5 20. g4 Nxg4 21. hxg4 Bxg4 22. Rxd5 Bxe2 23. Re1 Bb4 24. Rc1 Rad8 25. a3 Bf8 26. Rxa5 b6 27. Ra7 Bg4 28. Bf1 Be6 29. b4 Rd2 30. Bc3 Ra2 31. Bd4 Rb8 32. Be5 Rd8 33. Bc7 Rd5 34. Bc4 Rg5+ 35. Bg3 Bxc4 36. Rxc4 Bd6 37. Rc3 Bxb4 38. Rc8+ Kg7 39. Rcc7 Rxa3 40. Rxf7+ Kg8 41. Rg7+ Kf8 42. Raf7+ Ke8 43. Rb7 Ra8 44. Rxh7 b5 45. Kh2 Rf5 46. Rhg7 g5 47. Kh3 Bf8 48. Rgc7 b4 49. Kg4 Rd5 50. Rc6 Kd8 51. f3 Rd7 52. Rb5 Be7 53. Rg6 Ke8 54. Rg8+ Bf8 55. Rf5 Rf7 56. Re5+ Kd7 57. Rexg5 Ra4 58. Rb5 Kc6 59. Rb8 b3+ 60. f4 Rb4 61. Rgxf8 Rxb8 62. Rxb8 Rb7 63. Rc8+ Kd5 64. Rc1 Ke4 65. Re1+ Kd3 66. f5 b2 67. f6 Kc2 68. Re2+ Kb3 69. Re3+ Kc2 70. Re2+ Kb3 71. Re1 Kc2 72. Bd6 Rf7 73. Re2+ Kb3 74. Rxb2+ 1/2-1/2

[Event "Gaia Profigaia op 18th"]
[Site "Vila Nova de Gaia"]
[Date "2018.06.29"]
[Round "3"]
[White "Marques, Ricardo Taborda Tri"]
[Black "Padeiro, Jose Joao Tato"]
[Result "0-1"]
[WhiteElo "1869"]
[BlackElo "2284"]
[PlyCount "82"]
[EventDate "2018.06.27"]
[EventType "swiss"]
[EventRounds "7"]
[EventCountry "POR"]
[SourceTitle "CBM 185 Extra"]
[Source "ChessBase"]
[SourceDate "2018.07.29"]
[SourceVersion "1"]
[SourceVersionDate "2018.07.29"]
[SourceQuality "1"]

1. d4 Nf6 2. c4 e6 3. Nf3 Bb4+ 4. Bd2 Qe7 5. g3 Nc6 6. Bg2 Bxd2+ 7. Qxd2 Ne4 8. Qc2 Qb4+ 9. Kf1 d5 10. a3 Qxc4 11. Qxc4 dxc4 12. Ne5 Nxe5 13. Bxe4 Nc6 14. Bxc6+ bxc6 15. Nd2 Bb7 16. f3 0-0-0 17. Nxc4 Rxd4 18. Rc1 Rhd8 19. Kf2 Ba6 20. b3 Bxc4 21. Rxc4 Rxc4 22. bxc4 Rd2 23. Rc1 Rb2 24. Rc3 g5 25. Ke3 Kd7 26. Rd3+ Ke7 27. Kd4 Rxe2 28. Kc5 Rc2 29. Rb3 Kd7 30. Rb8 Rc3 31. f4 gxf4 32. Rf8 Ke7 33. Rc8 f3 34. Rxc7+ Kf6 35. Rb7 f2 36. Rb1 Ke5 37. Rf1 Rc2 38. a4 Ke4 39. Kxc6 Rxc4+ 40. Kb5 Rc2 41. Ka6 Ke5 0-1

[Event "Gaia Profigaia op 18th"]
[Site "Vila Nova de Gaia"]
[Date "2018.06.28"]
[Round "2"]
[White "Vieira, Pedro"]
[Black "Marques, Ricardo Taborda Tri"]
[Result "0-1"]
[WhiteElo "1406"]
[BlackElo "1869"]
[PlyCount "122"]
[EventDate "2018.06.27"]
[EventType "swiss"]
[EventRounds "7"]
[EventCountry "POR"]
[SourceTitle "CBM 185 Extra"]
[Source "ChessBase"]
[SourceDate "2018.07.29"]
[SourceVersion "1"]
[SourceVersionDate "2018.07.29"]
[SourceQuality "1"]

1. e4 e5 2. Nf3 Nc6 3. Bb5 a6 4. Ba4 Nf6 5. 0-0 Be7 6. Re1 b5 7. Bb3 d6 8. h3 0-0 9. c3 Bb7 10. d4 Re8 11. Nbd2 Bf8 12. d5 Ne7 13. Nf1 Ng6 14. Bg5 h6 15. Bxf6 Qxf6 16. Ng3 Nf4 17. Nh2 g6 18. Qf3 Bg7 19. Ng4 Nxh3+ 20. Kh2 Qxf3 21. gxf3 Nf4 22. Bc2 h5 23. Ne3 Bc8 24. a4 Bd7 25. axb5 axb5 26. Ng2 Nxg2 27. Kxg2 Bh6 28. Rg1 Kg7 29. Kh1 Kf6 30. Bd3 c5 31. dxc6 Bxc6 32. Rgb1 Red8 33. Ra3 Rxa3 34. bxa3 Ra8 35. Bxb5 Bxb5 36. Rxb5 Rxa3 37. Rd5 Ke6 38. Rd3 Ra2 39. Kg1 h4 40. Nh1 Bf4 41. Kg2 Ra1 42. Ng3 hxg3 43. fxg3 Ra2+ 44. Kh3 Rd2 45. Rxd2 Bxd2 46. c4 f5 47. exf5+ gxf5 48. Kg2 Be3 49. Kf1 d5 50. Ke2 d4 51. Kd3 Kd6 52. f4 e4+ 53. Ke2 Kc5 54. Kd1 Kxc4 55. Ke1 d3 56. Kd1 Bf2 57. Kc1 Bxg3 58. Kd1 e3 59. Kc1 e2 60. Kb2 e1Q 61. Ka2 Kc3 0-1

[Event "Gaia Profigaia op 18th"]
[Site "Vila Nova de Gaia"]
[Date "2018.06.27"]
[Round "1"]
[White "Marques, Ricardo Taborda Tri"]
[Black "Duarte, Francisco"]
[Result "1-0"]
[WhiteElo "1869"]
[BlackElo "1218"]
[PlyCount "35"]
[EventDate "2018.06.27"]
[EventType "swiss"]
[EventRounds "7"]
[EventCountry "POR"]
[SourceTitle "CBM 185 Extra"]
[Source "ChessBase"]
[SourceDate "2018.07.29"]
[SourceVersion "1"]
[SourceVersionDate "2018.07.29"]
[SourceQuality "1"]

1. d4 d5 2. c4 e6 3. Nc3 Nf6 4. Nf3 Bb4 5. Bg5 0-0 6. e3 Nbd7 7. cxd5 exd5 8. Bd3 b6 9. 0-0 Bxc3 10. bxc3 Bb7 11. a4 c5 12. a5 Qe7 13. Nh4 h6 14. Nf5 Qe6 15. Bh4 Ne4 16. Qg4 g5 17. Bxe4 dxe4 18. Bxg5 1-0

[Event "POR-ch U20"]
[Site "Luso"]
[Date "2018.03.25"]
[Round "3"]
[White "Nogueira, Diana Sofia Cunha"]
[Black "Marques, Ricardo Taborda Tri"]
[Result "0-1"]
[WhiteElo "1671"]
[BlackElo "1823"]
[PlyCount "52"]
[EventDate "2018.03.24"]
[EventType "swiss"]
[EventRounds "7"]
[EventCountry "POR"]
[SourceTitle "EXT 2019"]
[Source "ChessBase"]
[SourceDate "2018.10.10"]
[SourceVersion "1"]
[SourceVersionDate "2018.10.10"]
[SourceQuality "1"]

1. e4 e5 2. Nf3 Nc6 3. Bc4 Bc5 4. c3 Nf6 5. d3 d6 6. h3 a6 7. Bb3 Ba7 8. 0-0 h6 9. Be3 0-0 10. Bxa7 Rxa7 11. Nbd2 Nh5 12. Re1 Nf4 13. Nf1 Qf6 14. Kh2 g5 15. Ng1 g4 16. g3 Nxh3 17. Nxh3 gxh3 18. Qe2 Ne7 19. Bd1 Qg5 20. Qh5 f5 21. exf5 Qxh5 22. Bxh5 Rxf5 23. Bg4 Rxf2+ 24. Kxh3 Bxg4+ 25. Kxg4 Rxb2 26. d4 Nc6 0-1

[Event "POR-ch U20 rapid"]
[Site "Rio Maior"]
[Date "2017.10.21"]
[Round "2"]
[White "Santos, Rita Alexandra"]
[Black "Marques, Ricardo Taborda Tri"]
[Result "0-1"]
[WhiteElo "1536"]
[BlackElo "1780"]
[PlyCount "123"]
[EventDate "2017.10.21"]
[EventType "tourn (rapid)"]
[EventRounds "7"]
[EventCountry "POR"]
[SourceTitle "EXT 2024"]
[Source "ChessBase"]
[SourceDate "2023.10.10"]
[SourceVersion "1"]
[SourceVersionDate "2023.10.10"]
[SourceQuality "1"]

1. e4 c5 2. Nf3 e6 3. Nc3 a6 4. a4 Qc7 5. Bc4 Nc6 6. Bb3 Nf6 7. d3 Be7 8. 0-0 d6 9. Bf4 e5 10. Bg3 Bg4 11. h3 Bh5 12. Nd5 Nxd5 13. Bxd5 0-0 14. c3 Rab8 15. Qe2 Kh8 16. Qe3 f5 17. exf5 Rxf5 18. Nh4 Rff8 19. Qe4 Qd7 20. Nf3 Rbc8 21. Qe3 Bg6 22. Bh4 Rxf3 23. Qxf3 Bxh4 24. Qg4 Qxg4 25. hxg4 Bxd3 26. Rfd1 Be2 27. Be6 Rf8 28. Rxd6 Bxf2+ 29. Kh2 Rf6 30. g5 Rf8 31. Bd5 Bh4 32. Bxc6 bxc6 33. Rxc6 c4 34. Rxa6 Bxg5 35. Re6 Bf6 36. a5 Kg8 37. a6 Kf7 38. Rb6 Be7 39. a7 Bc5 40. Rb7+ Kg6 41. a8Q Rxa8 42. Rxa8 e4 43. Re8 Bd3 44. Rc7 Bd6+ 45. Kg1 Bxc7 46. Kf2 Bb6+ 47. Ke1 Kf7 48. Re5 Kf6 49. Rb5 Be3 50. b3 cxb3 51. Rxb3 Kf5 52. c4 Kf4 53. Rb7 Bd4 54. c5 Bxc5 55. Rxg7 h5 56. Rg8 Ke3 57. Rg3+ Kd4 58. Rg5 Bb4+ 59. Kd1 Ke3 60. Rg3+ Kf2 61. Rg5 e3 62. Re5 0-1

[Event "Famalicao op 5th"]
[Site "Famalicao"]
[Date "2017.08.03"]
[Round "7"]
[White "Silva, Daniel Frederico V"]
[Black "Marques, Ricardo Taborda Tri"]
[Result "0-1"]
[WhiteElo "1416"]
[BlackElo "1757"]
[PlyCount "66"]
[EventDate "2017.07.29"]
[EventType "swiss"]
[EventRounds "9"]
[EventCountry "POR"]
[SourceTitle "EXT 2018"]
[Source "ChessBase"]
[SourceDate "2017.10.13"]
[SourceVersion "1"]
[SourceVersionDate "2017.10.13"]
[SourceQuality "1"]

1. e4 c5 2. Nf3 e6 3. Nc3 a6 4. d4 cxd4 5. Nxd4 Qc7 6. a3 b5 7. Qd3 Bb7 8. g3 d6 9. Bg2 Nd7 10. 0-0 Be7 11. f4 Ngf6 12. b4 Rc8 13. Bd2 Nb6 14. Rfe1 Nc4 15. Nde2 Qb6+ 16. Kh1 Ng4 17. Rf1 Nf2+ 18. Rxf2 Qxf2 19. Ra2 Bf6 20. Nd1 Qb6 21. Ne3 0-0 22. Nxc4 Rxc4 23. c3 Rfc8 24. a4 g6 25. a5 Qc7 26. Ra3 Bg7 27. h3 Qc6 28. g4 f5 29. Qg3 Rxe4 30. Bxe4 Qxe4+ 31. Kg1 Qxe2 32. Be1 Bd4+ 33. Bf2 Qe1+ 0-1